000 00292nam a22001337a 4500
082 _a894.812.3
_bSAT/S
100 _aSATHEESAN
245 _aSWAMY AYYAPPAN
250 _aFIRST
260 _aTHRISSUR
_bH&C PUBLISHING HOUSE
_c2007
300 _a80
650 _aSHORT STORY
_zKERALA
942 _cBK
999 _c1260
_d1260